Welcome to CU Library Online Public Access Catalogue (OPAC)

An introduction to the New Testament / (Record no. 6781)

MARC details
000 -LEADER
fixed length control field 00641pam a2200205 a 4500
001 - CONTROL NUMBER
control field 2487498
005 - DATE AND TIME OF LATEST TRANSACTION
control field 20250630111631.0
008 - FIXED-LENGTH DATA ELEMENTS--GENERAL INFORMATION
fixed length control field 910718s1992 miua b 001 0 eng
020 ## - INTERNATIONAL STANDARD BOOK NUMBER
International Standard Book Number 0310519403 (acidfree paper)
050 00 - LIBRARY OF CONGRESS CALL NUMBER
Classification number BS2330.2
Item number .C34 1991
082 00 - DEWEY DECIMAL CLASSIFICATION NUMBER
Classification number 225.6/1
Edition information 20
100 1# - MAIN ENTRY--PERSONAL NAME
Personal name Carson, D. A.
245 13 - TITLE STATEMENT
Title An introduction to the New Testament /
Statement of responsibility, etc. D.A. Carson, Douglas J. Moo, and Leon Morris.
260 ## - PUBLICATION, DISTRIBUTION, ETC.
Place of publication, distribution, etc. Grand Rapids, Mich. :
Name of publisher, distributor, etc. Zondervan,
Date of publication, distribution, etc. c1992.
300 ## - PHYSICAL DESCRIPTION
Extent 537 p. :
Other physical details ill. ;
Dimensions 25 cm.
500 ## - GENERAL NOTE
General note Series statement from jacket.
700 1# - ADDED ENTRY--PERSONAL NAME
Personal name Moo, Douglas J.
700 1# - ADDED ENTRY--PERSONAL NAME
Personal name Morris, Leon,
Dates associated with a name 1914-2006.
942 ## - ADDED ENTRY ELEMENTS (KOHA)
Source of classification or shelving scheme Library of Congress Classification
Koha item type Books
Suppress in OPAC No
999 ## -
-- 6781
-- 6781
Holdings
Withdrawn status Lost status Source of classification or shelving scheme Damaged status Not for loan Home library Current library Shelving location Date acquired Total checkouts Full call number Barcode Date last seen Copy number Price effective from Koha item type
    Library of Congress Classification     Undergraduate Library (Christ Temple) Undergraduate Library (Christ Temple) General stacks 06/30/2025   BS2330.2 CAR ulct00003640 06/30/2025 1 06/09/2025 Books
© 2023-2024 Copyright: Central University Libraries. All Rights Reserved | Created by: Mahone Tech Office